000 00862nam a2200217Ia 4500
003 GCL
005 20240530102218.0
008 140319s9999 xx 000 0 ara d
040 _aGCL /
_cGCL
082 0 4 _a953.07393
_bع د
100 1 _aعمر كمال توفيق
245 1 0 _aالدبلوماسية الاسلامية والعلاقات السلمية مع الصليبين :
_bدراسات تحليلية وثائقية فى التاريخ الدبلوماسى /
_cعمر كمال توفيق
260 _aالقاهرة :
_bمؤسسة شباب الجامعة ،
_c1986
300 _a294 ص ؛
_c24 سم
650 0 4 _aالحروب الصليبية
650 0 4 _aالتاريخ الاسلامى
650 0 4 _aالدبلوماسية
650 0 4 _aالتاريخ الدبلوماسى
650 0 4 _aالاخلاق العسكرية
942 _2ddc
_cBK
999 _c30587
_d30587